Score 0/20 Timer 08:00
1 Play Today
% Correct
Full House
92.8%
Modern Family
90.8%
Grey's Anatomy
89.2%
Charlie's Angels
84.3%
Happy Days
84.2%
Home Improvement
81.4%
Ugly Betty
81.1%
Lost
76.5%
The Drew Carey Show
72.3%
Nashville
71%
% Correct
George Lopez
70.8%
Mork & Mindy
69.8%
Sabrina, the Teenage Witch
68.1%
Three's Company
67.9%
Boy Meets World
67.2%
Leave It to Beaver
66.5%
Bewitched
64.5%
NYPD Blue
59%
According to Jim
54.6%
Once Upon a Time
53.6%
Remove Ads.
Support Sporcle.
Get the best of Sporcle when you Go Orange. This ad-free experience offers more features, more stats, and more fun while also helping to support Sporcle. Thank you for becoming a member.

You're not logged in!

Compare scores with friends on all Sporcle quizzes.
OR
Log In

Show Comments

Extras

Top Quizzes Today


Score Distribution

Your Account Isn't Verified!

In order to create a playlist on Sporcle, you need to verify the email address you used during registration. Go to your Sporcle Settings to finish the process.

Report this User

Report this user for behavior that violates our Community Guidelines.

Details: